Las academias italianas / (Registro nro. 29924)
[ vista simple ]
| 000 -CABECERA | |
|---|---|
| campo de control de longitud fija | 00680nam a2200193 a 4500 |
| 001 - NÚMERO DE CONTROL | |
| campo de control | 000030432 |
| 005 - FECHA Y HORA DE LA ÚLTIMA TRANSACCIÓN | |
| campo de control | 20200930062317.0 |
| 008 - DATOS DE LONGITUD FIJA--INFORMACIÓN GENERAL | |
| campo de control de longitud fija | 110517s1999 dr ac 000 0 spa d |
| 040 ## - FUENTE DE LA CATALOGACIÓN | |
| Centro catalogador/agencia de origen | DO-SdBNP |
| Lengua de catalogación | spa |
| Centro/agencia transcriptor | BNPHU |
| 082 ## - NÚMERO DE LA CLASIFICACIÓN DECIMAL DEWEY | |
| Número de clasificación | xxx |
| Número de documento/Ítem | F718a |
| 049 ## - FONDOS LOCALES (OCLC) | |
| Fondos de biblioteca | BNPD |
| 100 1# - ENTRADA PRINCIPAL--NOMBRE DE PERSONA | |
| Nombre de persona | Forestieri S., Rolando |
| 9 (RLIN) | 56547 |
| 245 10 - MENCIÓN DE TÍTULO | |
| Título | Las academias italianas / |
| Mención de responsabilidad, etc. | Rolando Forestieri S. |
| 260 ## - PUBLICACIÓN, DISTRIBUCIÓN, ETC. | |
| Lugar de publicación, distribución, etc. | Santo Domingo : |
| Nombre del editor, distribuidor, etc. | Instituto Cultural Dominicano Italiano, |
| Fecha de publicación, distribución, etc. | 1999. |
| 300 ## - DESCRIPCIÓN FÍSICA | |
| Extensión | 31 p. : |
| Otras características físicas | il., retrs. ; |
| Dimensiones | 22 cm. |
| 500 ## - NOTA GENERAL | |
| Nota general | Conferencia presentada por: Dr. Rolando Forestieri S. en Casa Italia el 18 de marzo de1999. |
| 504 ## - NOTA DE BIBLIOGRAFÍA, ETC. | |
| Nota de bibliografía, etc. | Bibliografía : p. 32 |
| 533 ## - NOTA DE REPRODUCCIÓN | |
| Tipo de reproducción | Edición fasímilar |
| Lugar de la reproducción | Venecia |
| Institución responsable de la reproducción | 1612. |
| Estado de retiro | Estado de pérdida | No para préstamo | Código de colección | Localización permanente | Ubicación/localización actual | Ubicación en estantería | Fecha de adquisición | Número de inventario | Total de préstamos | Signatura topográfica completa | Código de barras | Fecha visto por última vez | Precio válido a partir de | Tipo de ítem Koha |
|---|---|---|---|---|---|---|---|---|---|---|---|---|---|---|
| Excluido de préstamo | Patrimonio Dominicano | Patrimonio Dominicano | Patrimonio Dominicano | Depósito | 17.05.2011 | LF1 | xxx F718a | 30432-10 | 25.06.2020 | 25.06.2020 | Libro y Folleto Colección Patrimonio Dominicano |
